000 006860000a22002050004500
090 _aAR
_b00850
245 1 0 _aWinter resident repeats and returns of austral and boreal migrant birds banded in Venezuela
650 1 4 _aAves
_992429
650 1 4 _aMigraciones de aves
_993017
650 1 4 _aUso del habitat
_93825
651 4 _pEstados Unidos
_992749
651 4 _mCumaná
_dSucre
_pVenezuela
_992749
651 4 _mChiguana
_dSucre
_pVenezuela
_992749
653 _gSetophaga
_eSetophaga ruticilla
653 _gSeiurus
_eSeiurus noveboracensis
041 0 _aInglés
100 1 _aMcneil, Raymond
_994042
942 _cARTICULO
773 1 _tJournal Field Ornithology
_3130
_h2
_q125-132
_d1982
_g53
999 _c9938
_d9938